000 00723ctm a22002055a 4500
001 L141087
008 071026s1763 xxk eng u
035 _a(Sirsi) u141087
041 0 _aeng
100 1 _aNorman, Samuel
245 0 3 _aAn estimate and valuation of His Majesty's State Coach made in obediance to an order of his Grace the Duke of Rutland
_b7th of April 1763
_h[manuscript]
260 _c1763
300 _a2 leaves
_c36 x 23 cm. +
_e1 sheet (25 x 20 cm.)
340 _aInk on paper
351 _cSingle item
500 _aItem is accompanied by a typewritten letter from the donor dated 8 May 1908.
651 4 _aUnited Kingdom
_y
690 _aPROPERTY-PROPERTY APPRAISAL AND VALUATION
942 _n0
999 _c116580
_d116580